000
00284nam a22001337a 4500
008
180918b xxu||||| |||| 00| 0 eng d
020
_a
0801633605
041
_a
eng
080
_a
616
100
_a
9
101
_a
PATF
245
_a
Pathophysiology
_c
McCance, K.L
942
_2
udc
_c
BK
999
_c
47947
_d
47947